[Event "Xeraco Region-ch Primera"]
[Site "Xeraco"]
[Date "2016.11.19"]
[Round "7"]
[White "Grau Peris, Ruben"]
[Black "Pallas i Garrido, Ernest Josep"]
[Result "0-1"]
[WhiteElo "1857"]
[BlackElo "1744"]
[PlyCount "130"]
[EventDate "2016.10.01"]
[EventType "swiss"]
[EventRounds "7"]
[EventCountry "ESP"]
[SourceTitle "EXT 2024"]
[Source "ChessBase"]
[SourceDate "2023.10.10"]
[SourceVersion "1"]
[SourceVersionDate "2023.10.10"]
[SourceQuality "1"]

1. d4 d5 2. Nf3 Nf6 3. Bf4 e6 4. e3 Be7 5. Bd3 0-0 6. 0-0 b6 7. Nbd2 Bb7 8. c3 c5 9. Qe2 c4 10. Bc2 Nbd7 11. e4 Nxe4 12. Nxe4 dxe4 13. Nd2 f5 14. Nxc4 Nf6 15. Ne3 Nd5 16. Nxd5 exd5 17. Bb3 Rc8 18. Be5 Kh8 19. f4 Qd7 20. Rfe1 Bc6 21. Qh5 Bf6 22. Re3 Bxe5 23. fxe5 f4 24. Rh3 g6 25. Qg5 f3 26. Kf2 fxg2+ 27. Kxg2 Qf7 28. Qg3 Bb5 29. e6 Qxe6 30. Qe5+ Qxe5 31. dxe5 Bc4 32. Bxc4 Rxc4 33. Rd1 Rc5 34. Rd4 Kg7 35. b4 Rc7 36. Rxd5 Rcf7 37. Rd2 Re7 38. e6 Rf6 39. c4 Rfxe6 40. Re3 Re5 41. Rd4 g5 42. a4 h5 43. Kg3 Kg6 44. h4 g4 45. Kf4 Rf5+ 46. Kg3 Rf3+ 47. Rxf3 gxf3 48. Rd6+ Kf5 49. Rd5+ Re5 50. Rd1 Re7 51. Rd5+ Re5 52. Rd1 Re7 53. Rd5+ Kg6 54. Kf2 e3+ 55. Ke1 Kf6 56. a5 bxa5 57. bxa5 Rb7 58. Rb5 Rc7 59. c5 Rg7 60. Kd1 Rg1+ 61. Kc2 e2 62. Rb6+ axb6 63. a6 e1Q 64. cxb6 Qe3 65. b7 Rg2+ 0-1

[Event "Alzira Christmas op 3rd"]
[Site "Alzira"]
[Date "2013.12.29"]
[Round "5"]
[White "Pallas i Garrido, Ernest Josep"]
[Black "Uran Bermudez, Oliver Kevin"]
[Result "0-1"]
[WhiteElo "1853"]
[BlackElo "2101"]
[PlyCount "94"]
[EventDate "2013.12.27"]
[EventType "swiss"]
[EventRounds "7"]
[EventCountry "ESP"]
[SourceTitle "CBM 158 Extra"]
[Source "ChessBase"]
[SourceDate "2014.02.28"]
[SourceVersion "1"]
[SourceVersionDate "2014.02.28"]
[SourceQuality "1"]

1. e4 c5 2. Nf3 e6 3. d3 Nc6 4. Nbd2 d5 5. g3 Nf6 6. Bg2 Be7 7. 0-0 0-0 8. Re1 b5 9. e5 Nd7 10. Nf1 Bb7 11. h4 Re8 12. Bf4 f6 13. c3 fxe5 14. Nxe5 Ndxe5 15. Bxe5 Nxe5 16. Rxe5 Bf6 17. Re1 Rb8 18. Qg4 Qd6 19. Ne3 Bc6 20. a3 Re7 21. Rac1 Rf8 22. h5 d4 23. Bxc6 dxe3 24. Bf3 exf2+ 25. Kxf2 b4 26. axb4 cxb4 27. d4 bxc3 28. bxc3 a5 29. Ra1 e5 30. Kg2 exd4 31. Rxe7 Bxe7 32. Qxd4 Qxd4 33. cxd4 Rf5 34. g4 Rb5 35. Ra4 Rb2+ 36. Kf1 Bb4 37. Bd5+ Kf8 38. Be6 Ke7 39. d5 Kd6 40. Ra1 h6 41. Rc1 Bc5 42. Ra1 Bb4 43. Rc1 a4 44. Ra1 a3 45. Kg1 a2 46. Bf5 Bc3 47. Kf1 Rh2 0-1

[Event "Cullera op-B 29th"]
[Site "Cullera"]
[Date "2012.08.26"]
[Round "3"]
[White "Martinez Gil, Joaquin"]
[Black "Pallas i Garrido, Ernest Josep"]
[Result "1/2-1/2"]
[WhiteElo "1989"]
[BlackElo "1808"]
[PlyCount "88"]
[EventDate "2012.08.25"]
[EventType "swiss"]
[EventRounds "9"]
[EventCountry "ESP"]
[SourceTitle "CBM 150 Extra"]
[Source "ChessBase"]
[SourceDate "2012.10.19"]
[SourceVersion "1"]
[SourceVersionDate "2012.10.19"]
[SourceQuality "1"]

1. e4 e6 2. Nf3 d5 3. exd5 exd5 4. d4 Bd6 5. Bd3 Ne7 6. 0-0 Bf5 7. Re1 Bxd3 8. Qxd3 0-0 9. Nc3 c6 10. Ne2 Qc7 11. Ng3 Nd7 12. Re2 Rfe8 13. Bd2 Nf8 14. Rae1 Ne6 15. Ne5 Bxe5 16. Rxe5 Ng6 17. Rf5 Nef4 18. Rxe8+ Rxe8 19. Qf3 Ne6 20. Qc3 Nef4 21. Be3 h5 22. Qd2 h4 23. Nf1 Ne6 24. g3 hxg3 25. hxg3 Qd7 26. Rh5 Nef8 27. Qd1 Qe6 28. Qf3 Nd7 29. Rh2 Nf6 30. Nd2 Ng4 31. Rh1 Nxe3 32. fxe3 Qxe3+ 33. Qxe3 Rxe3 34. Kf2 Re6 35. c4 dxc4 36. Nxc4 Ne7 37. Rd1 Nd5 38. Na5 Re7 39. a3 f5 40. Re1 Rxe1 41. Kxe1 Ne3 42. Ke2 Nd5 43. Nxb7 Kf8 44. Na5 Ne7 1/2-1/2

[Event "Provincial-ch Gandia Preferente"]
[Site "Valencia Gandia"]
[Date "2010.11.06"]
[Round "5.12"]
[White "Pallas i Garrido, Ernest Josep"]
[Black "Garcia Requena, Joan"]
[Result "1-0"]
[WhiteElo "1855"]
[BlackElo "1708"]
[PlyCount "63"]
[EventDate "2010.10.02"]
[EventType "swiss"]
[EventRounds "7"]
[EventCountry "ESP"]
[SourceTitle "EXT 2024"]
[Source "ChessBase"]
[SourceDate "2023.10.10"]
[SourceVersion "1"]
[SourceVersionDate "2023.10.10"]
[SourceQuality "1"]

1. e4 Nf6 2. d3 d6 3. Nf3 g6 4. g3 c5 5. Bg2 Nc6 6. c3 Bg7 7. 0-0 0-0 8. Re1 Nd7 9. Nbd2 Rb8 10. Nf1 b5 11. a3 a5 12. Be3 Nde5 13. Nxe5 Nxe5 14. h3 c4 15. d4 Nd3 16. Re2 Bd7 17. Qd2 Qc8 18. Kh2 b4 19. axb4 axb4 20. Bh6 bxc3 21. bxc3 Rb2 22. Qxb2 Nxb2 23. Bxg7 Kxg7 24. Rxb2 Qc7 25. Ne3 Rb8 26. Nd5 Qd8 27. Rxb8 Qxb8 28. Nxe7 Qe8 29. Nd5 Bc6 30. Ne3 Bxe4 31. Re1 Bxg2 32. Nf5+ 1-0

[Event "Provincial-ch Gandia Preferente"]
[Site "Valencia Gandia"]
[Date "2010.10.30"]
[Round "4.12"]
[White "Alba Zaragoza, Vicente"]
[Black "Pallas i Garrido, Ernest Josep"]
[Result "0-1"]
[WhiteElo "1799"]
[BlackElo "1855"]
[PlyCount "72"]
[EventDate "2010.10.02"]
[EventType "swiss"]
[EventRounds "7"]
[EventCountry "ESP"]
[SourceTitle "EXT 2024"]
[Source "ChessBase"]
[SourceDate "2023.10.10"]
[SourceVersion "1"]
[SourceVersionDate "2023.10.10"]
[SourceQuality "1"]

1. e4 e6 2. d4 d5 3. exd5 exd5 4. Nf3 Bd6 5. Nc3 c6 6. Be2 h6 7. 0-0 Nf6 8. Re1 0-0 9. h3 Re8 10. Bd3 Nbd7 11. a4 Nf8 12. Nh4 Be6 13. Qf3 Ne4 14. Nf5 Bxf5 15. Qxf5 Nxc3 16. Rxe8 Qxe8 17. bxc3 Qe1+ 18. Bf1 Qxc3 19. Rb1 b6 20. Be3 Re8 21. Bd3 Qa3 22. Qg4 Re6 23. Qh4 Bc7 24. Bf5 Rf6 25. g4 Qd6 26. Kf1 Qh2 27. Ke2 Ng6 28. Bxg6 fxg6 29. Bxh6 Re6+ 30. Be3 Bf4 31. Kd3 g5 32. Bxf4 Qxf4 33. Qg3 Qe4+ 34. Kc3 c5 35. Qd3 cxd4+ 36. Qxd4 Rc6+ 0-1

[Event "Valencia Autonomico Center-B"]
[Site "Valencia"]
[Date "2009.01.10"]
[Round "1.4"]
[White "Pallas i Garrido, Ernest Josep"]
[Black "Simon Piera, Raul"]
[Result "1-0"]
[WhiteElo "1870"]
[BlackElo "1710"]
[PlyCount "74"]
[EventDate "2009.01.10"]
[EventType "team-tourn"]
[EventRounds "5"]
[EventCountry "ESP"]
[SourceTitle "EXT 2011"]
[Source "ChessBase"]
[SourceDate "2010.11.26"]
[SourceVersion "1"]
[SourceVersionDate "2010.11.26"]
[SourceQuality "1"]

1. e4 d5 2. exd5 Qxd5 3. Nc3 Qe5+ 4. Be2 c6 5. Nf3 Qc7 6. d4 Bf5 7. 0-0 Nf6 8. Ne5 e6 9. Bf4 Bd6 10. Re1 Nbd7 11. Bd3 Bg6 12. h3 0-0 13. Qe2 Nd5 14. Nxd5 exd5 15. Bxg6 hxg6 16. g4 Rae8 17. g5 f6 18. gxf6 gxf6 19. Qg4 Nxe5 20. dxe5 Bxe5 21. Bh6 Rf7 22. Qxg6+ Kh8 23. Kh1 Rg8 24. Qh5 Rh7 25. Rg1 Qf7 26. Rxg8+ Qxg8 27. Rg1 Qf7 28. Bg7+ Kg8 29. Bxf6+ Kf8 30. Qxf7+ Kxf7 31. Bxe5 Rxh3+ 32. Kg2 Rh5 33. f4 Ke6 34. Rh1 Rf5 35. Rh6+ Kd7 36. Rh7+ Kc8 37. Rc7+ Kd8 1-0

[Event "Cullera op-B"]
[Site "Cullera"]
[Date "2007.07.11"]
[Round "7"]
[White "Luis Martinez, Christian"]
[Black "Pallas i Garrido, Ernest Josep"]
[Result "1-0"]
[WhiteElo "1953"]
[BlackElo "1775"]
[PlyCount "63"]
[EventDate "2007.07.07"]
[EventType "swiss"]
[EventRounds "8"]
[EventCountry "ESP"]
[SourceTitle "CBM 119 Extra"]
[Source "ChessBase"]
[SourceDate "2007.09.04"]
[SourceVersion "1"]
[SourceVersionDate "2007.09.04"]
[SourceQuality "1"]

1. d4 d5 2. c4 e6 3. Nc3 Nf6 4. Bg5 Nbd7 5. Nf3 c6 6. e3 Be7 7. Qc2 0-0 8. Rc1 Re8 9. Bd3 dxc4 10. Bxc4 Nd5 11. Bxe7 Qxe7 12. 0-0 Nxc3 13. bxc3 e5 14. Nd2 e4 15. f3 exf3 16. Rxf3 Nf6 17. Rcf1 Bg4 18. Rg3 b5 19. Bd3 h5 20. e4 h4 21. Re3 Rad8 22. Nf3 Nd5 23. Ree1 Nf4 24. Ne5 Nxd3 25. Nxd3 Qg5 26. Ne5 Rxe5 27. dxe5 Rd2 28. Qc1 Rxg2+ 29. Kxg2 h3+ 30. Kg1 Qg6 31. Qf4 Be6+ 32. Qg3 1-0